Statistics for Hearthstone Keywords

Click here to take the quiz!

General Stats

  • This quiz has been taken 51 times
  • The average score is 12 of 38

Answer Stats

Answer% Correct
Battlecry
83%
Rush
74%
Charge
71%
Deathrattle
69%
Taunt
66%
Divine Shield
57%
Discover
49%
Reborn
46%
Windfury
46%
Inspire
40%
Poisonous
40%
Stealth
40%
Choose One
37%
Freeze
29%
Magnetic
29%
Outcast
29%
Combo
26%
Corrupt
23%
Dormant
23%
Immune
23%
Overkill
23%
Overload
23%
Quest
23%
Spellburst
23%
Choose Twice
20%
Echo
20%
Invoke
20%
Twinspell
20%
Mega-Windfury
17%
Recruit
17%
Secret
17%
Sidequest
17%
Silence
17%
Start Of Game
14%
Adapt
11%
Cast When Drawn
11%
Spell Demage
3%
Passive
0%

Score Distribution

Percentile by Number Answered

Percent of People with Each Score

Your Score History

You have not taken this quiz